Daňový report Slovenskej republiky 2015
Faktografický analytický opis daňového systému na Slovensku a jeho porovnania s ostatnými krajinami V4 a EÚ. Vývoj najdôležitejších daňových ukazovateľov v čase a v medzinárodnom porovnaní. Najvýznamnejšie daňové príjmy, opis a porovnanie základných aspektov dizajnu jednotlivých daní. Daňové medzery...
Salvato in:
| Autore principale: | |
|---|---|
| Altri autori: | , |
| Natura: | Capitolo di libro |
| Lingua: | slovacco |
| Soggetti: | |
| Tags: |
Nessun Tag, puoi essere il primo ad aggiungerne!!
|
MARC
| LEADER | 00000nla a2200000 4500 | ||
|---|---|---|---|
| 001 | 0238983 | ||
| 005 | 20240502073853.2 | ||
| 041 | 0 | |a slo | |
| 044 | |a SK | ||
| 245 | 1 | 0 | |a Daňový report Slovenskej republiky 2015 |c Ján Remeta, Rastislav Gábik, Martina Alexová |
| 520 | |a Faktografický analytický opis daňového systému na Slovensku a jeho porovnania s ostatnými krajinami V4 a EÚ. Vývoj najdôležitejších daňových ukazovateľov v čase a v medzinárodnom porovnaní. Najvýznamnejšie daňové príjmy, opis a porovnanie základných aspektov dizajnu jednotlivých daní. Daňové medzery a ich vysvetlenie. Fiškálna decentralizácia a jej aspekty. Vývoj a súčasné trendy v správe daní a hodnotenie vývoja efektívnosti daňového systému. Nerovnosť príjmov a výsledky z analýzy progresivity daňového systému. Prehľad o rozdielnych prístupoch k zdaňovaniu práce v rámci krajín V4. Prezentácia analyzovaných údajov z doteraz nepublikovaných zdrojov. | ||
| 610 | 2 | 0 | |a dane |
| 610 | 2 | 0 | |a dane z príjmov |
| 610 | 2 | 0 | |a daňovníci |
| 610 | 2 | 0 | |a zdaňovanie |
| 610 | 2 | 0 | |a politika daňová |
| 610 | 2 | 0 | |a únik daňový |
| 610 | 2 | 0 | |a správa daňová |
| 610 | 2 | 0 | |a dane progresívne |
| 610 | 2 | 0 | |a práca |
| 610 | 2 | 0 | |a Slovensko |
| 610 | 2 | 0 | |a analýzy |
| 610 | 2 | 0 | |a porovnanie medzinárodné |
| 610 | 2 | 0 | |a Vyšehradská štvorka |
| 610 | 2 | 0 | |a Európska únia |
| 100 | 1 | |a Remeta, Ján | |
| 700 | 1 | |a Gábik, Rastislav | |
| 700 | 1 | |a Alexová, Martina | |